[Event "Ä15Ï"]
[Site "Loo"]
[Date "2017.04.24"]
[Round "5.30"]
[White "Øåëåæîíêîâà, Êñåíèÿ."]
[Black "Êîíîíîâà, Àíàñòàñèÿ."]
[Result "0-1"]
[WhiteElo "1374"]
[BlackElo "1446"]
[PlyCount "110"]
[EventDate "2017.04.20"]

1. e4 e5 2. Bc4 Nf6 3. d3 Nc6 4. Nf3 Be7 5. c3 O-O 6. O-O d6 7. h3 Na5 8. Bb5
c6 9. Ba4 b5 10. Bc2 c5 11. Re1 Bb7 12. Nbd2 Nc6 13. Nh2 Qd7 14. Ndf1 Rad8 15.
Ng3 d5 16. Qf3 dxe4 17. dxe4 Rfe8 18. Nf5 Qe6 19. Bg5 Nd7 20. Bc1 Nf8 21. h4
Ng6 22. h5 Nh4 23. Nxe7+ Qxe7 24. Qe3 f5 25. g3 f4 26. gxf4 exf4 27. Qxf4 Ne5
28. Qg3 Rf8 29. f4 Nc6 30. Be3 Rf6 31. Bf2 Ng6 32. hxg6 Rxg6 33. Ng4 h5 34. Qf3
Rxg4+ 35. Kf1 Rf8 36. Bg3 Ne5 37. Qe3 Nc4 38. Qf2 Qd6 39. Bd1 Rgxf4 40. Bxf4
Rxf4 41. Bf3 Nd2+ 42. Kg2 Rxf3 43. Qh4 Qg6+ 44. Kh1 Bxe4 45. Kh2 Qd6+ 46. Kg1
Rg3+ 47. Kf2 Rg2+ 48. Ke3 Qd3+ 49. Kf4 Qf3+ 50. Ke5 Qf5+ 51. Kd6 Rg6+ 52. Kc7
Rc6+ 53. Kd8 Qd5+ 54. Ke8 Bg6+ 55. Ke7 Qd6# 0-1

[Event "Ä15Ï"]
[Site "Loo"]
[Date "2017.04.24"]
[Round "5.31"]
[White "Ëàçóðåíêî, Êñåíèÿ."]
[Black "Òåðåùåíêî, Äàðüÿ."]
[Result "1/2-1/2"]
[WhiteElo "1343"]
[BlackElo "1437"]
[PlyCount "108"]
[EventDate "2017.04.20"]

1. d4 f5 2. Bf4 Nf6 3. Nf3 g6 4. e3 Bg7 5. Bc4 d5 6. Bb3 c6 7. c4 e6 8. Nbd2
O-O 9. h3 Nh5 10. Bh2 Nf6 11. Ne5 Nbd7 12. Ndf3 Ne4 13. O-O Nxe5 14. Nxe5 Bd7
15. Qe2 Rc8 16. Rac1 Qe7 17. a3 Ng5 18. c5 Rfd8 19. Bc2 Nf7 20. f4 Nxe5 21.
fxe5 Rf8 22. Rf3 Kh8 23. Rcf1 Bh6 24. Qe1 g5 25. g4 fxg4 26. hxg4 Bg7 27. e4
Rxf3 28. Rxf3 Rf8 29. Rh3 h6 30. exd5 exd5 31. Bd1 a6 32. Qe3 Be6 33. Rf3 Rxf3
34. Qxf3 Qf7 35. Qxf7 Bxf7 36. Bc2 Be6 37. Bf5 Bxf5 38. gxf5 Kg8 39. Kg2 Kf8
40. Kf3 h5 41. Kg3 Ke8 42. Kf3 Kf8 43. Bg1 Bh6 44. f6 Kf7 45. Kg3 Ke6 46. Be3
Kf7 47. Bf2 Ke6 48. Be1 Kf7 49. Ba5 Ke6 50. Be1 Kf7 51. a4 Ke6 52. Kf3 Kf7 53.
Ba5 Ke6 54. Bd8 Kf7 1/2-1/2

[Event "Ä15Ï"]
[Site "Loo"]
[Date "2017.04.24"]
[Round "5.32"]
[White "Áàäðàêîâà, Êñåíèÿ."]
[Black "Êðûëîâà, Ìàðèÿ."]
[Result "0-1"]
[WhiteElo "1422"]
[BlackElo "1308"]
[PlyCount "64"]
[EventDate "2017.04.20"]

1. e4 e5 2. Nc3 Bc5 3. Bc4 Nf6 4. Nf3 d6 5. d3 Be6 6. Bb3 h6 7. h3 O-O 8. O-O
Re8 9. Na4 Bb6 10. Nxb6 axb6 11. Be3 Nc6 12. Nh2 d5 13. exd5 Bxd5 14. Re1 Qd7
15. Qd2 Rad8 16. Bxh6 gxh6 17. Qxh6 Nh7 18. Re3 Re6 19. Rg3+ Rg6 20. Rxg6+ fxg6
21. Qxg6+ Kh8 22. Bxd5 Qxd5 23. Qe4 Qxe4 24. dxe4 Rd2 25. Rc1 Ng5 26. Nf1 Re2
27. Ng3 Rd2 28. Nf1 Rd7 29. f3 Rg7 30. Kf2 Ne6 31. c3 Nf4 32. Rd1 Rxg2+ 0-1

[Event "Ä15Ï"]
[Site "Loo"]
[Date "2017.04.24"]
[Round "5.33"]
[White "Ãàðáóçîâñêàÿ, Åëèçàâåòà."]
[Black "Êðàñíþê, Âåðîíèêà."]
[Result "1-0"]
[WhiteElo "1445"]
[BlackElo "1337"]
[PlyCount "77"]
[EventDate "2017.04.20"]

1. d4 d5 2. Nf3 Nf6 3. c4 e6 4. Nc3 c6 5. Bg5 Be7 6. e3 Nbd7 7. cxd5 exd5 8.
Bd3 O-O 9. O-O Re8 10. a3 Qc7 11. Rc1 Bd6 12. Nb5 Qb8 13. Nxd6 Qxd6 14. Qc2 h6
15. Bf4 Qe7 16. b4 Nh5 17. Rfe1 Qf8 18. Qb3 Nxf4 19. exf4 Rxe1+ 20. Rxe1 Nf6
21. a4 Qd6 22. Ne5 Nd7 23. Bc2 Qf6 24. Qd3 g6 25. Re3 Qxf4 26. Nxg6 Qf6 27. Rf3
Qd6 28. Nf4 Nf6 29. Rg3+ Kf8 30. Qf3 Ke8 31. Nh5 Nd7 32. Rg8+ Nf8 33. Rg7 Be6
34. Bf5 Qxb4 35. h3 Qe1+ 36. Kh2 b5 37. Rg8 bxa4 38. Bxe6 Qxe6 39. Ng7+ 1-0

[Event "Ä15Ï"]
[Site "Loo"]
[Date "2017.04.24"]
[Round "5.34"]
[White "Íèêîíîðîâà, Ìåëàíèÿ."]
[Black "Øàïîâàëîâà, Âèêòîðèÿ."]
[Result "1/2-1/2"]
[WhiteElo "1321"]
[BlackElo "1400"]
[PlyCount "82"]
[EventDate "2017.04.20"]

1. e4 c5 2. Nf3 d6 3. d4 cxd4 4. Nxd4 Nf6 5. Nc3 a6 6. Be2 e6 7. O-O Nbd7 8.
Be3 Qc7 9. Kh1 b5 10. a3 Bb7 11. f3 Nb6 12. Bf2 d5 13. e5 Qxe5 14. Ndxb5 axb5
15. Bxb5+ Nbd7 16. Re1 Qc7 17. Bg3 Qc5 18. Be5 Bc6 19. Bd4 Qd6 20. Bd3 Be7 21.
a4 Qb4 22. Nb5 Bxb5 23. Bxb5 O-O 24. Bc3 Qf4 25. Bd2 Qc7 26. b4 Bd6 27. g3 Be5
28. Rb1 Rfb8 29. Re3 Bd6 30. Qe2 Qxc2 31. Reb3 Nb6 32. R3b2 Qc7 33. Rc1 Qd8 34.
a5 Nbd7 35. Be1 Rc8 36. Rcb1 Be5 37. Rb3 Qc7 38. Ba6 Qc2 39. Qf1 Rcb8 40. Bd3
Qc6 41. b5 Qc5 1/2-1/2

[Event "Ä15Ï"]
[Site "Loo"]
[Date "2017.04.24"]
[Round "5.35"]
[White "Áåëîâà, Êñåíèÿ."]
[Black "Åãîðîâà, Àíàñòàñèÿ."]
[Result "1/2-1/2"]
[WhiteElo "1352"]
[BlackElo "1308"]
[PlyCount "81"]
[EventDate "2017.04.20"]

1. e4 e6 2. d4 d5 3. Nc3 Nc6 4. e5 f6 5. exf6 Nxf6 6. Nf3 h6 7. Bb5 Bd7 8. Bxc6
Bxc6 9. Ne5 Bd6 10. Ng6 Rg8 11. Qe2 Qd7 12. Bf4 O-O-O 13. Bxd6 Qxd6 14. Ne5
Rgf8 15. f3 Nd7 16. Nd3 Rde8 17. O-O-O e5 18. dxe5 Nxe5 19. Nxe5 Rxe5 20. Qd2
Rd8 21. Qd4 Kb8 22. f4 Rf5 23. g3 g5 24. fxg5 Rxg5 25. Rhf1 Rh5 26. Rd2 a6 27.
Rf6 Qd7 28. Rf1 Rf5 29. Rxf5 Qxf5 30. Rf2 Qd7 31. Rd2 Qf5 32. Kb1 Re8 33. a3
Rd8 34. Ka1 Ka8 35. Kb1 Kb8 36. Ka1 Ka8 37. Kb1 Kb8 38. Ka1 Ka8 39. Kb1 Kb8 40.
Ka1 Ka8 41. Kb1 1/2-1/2

[Event "Ä17Ï"]
[Site "Loo"]
[Date "2017.04.24"]
[Round "5.1"]
[White "Òàòàðèíîâà, Åëåíà."]
[Black "Êîâàë¸âà, Åêàòåðèíà."]
[Result "1-0"]
[WhiteElo "1840"]
[BlackElo "1974"]
[PlyCount "127"]
[EventDate "2017.04.20"]

1. c4 e6 2. Nf3 d5 3. g3 Nf6 4. Bg2 Be7 5. O-O O-O 6. b3 d4 7. Bb2 c5 8. Na3
Nc6 9. d3 e5 10. Nc2 Ne8 11. e4 f5 12. exf5 Bxf5 13. Qe2 Qc7 14. Rae1 Bd6 15.
Nh4 Be6 16. f4 Nf6 17. Bxc6 Qxc6 18. fxe5 Bh3 19. exf6 Bxf1 20. Rxf1 Qd7 21.
fxg7 Rxf1+ 22. Qxf1 Qxg7 23. Nf5 Qf6 24. Nxd6 Qxd6 25. Bc1 Re8 26. Ne1 Qe6 27.
Nf3 Qe2 28. Bf4 Qxa2 29. Ne5 Qa5 30. Qe2 Qc7 31. Qh5 Qe7 32. Qg4+ Qg7 33. Qf5
Qe7 34. Nf3 b6 35. Be5 Qe6 36. Qe4 Qg6 37. Qd5+ Qf7 38. Qe4 Qg6 39. Qe2 Qg4 40.
Qg2 Qf5 41. Qe2 Qg4 42. Qe4 Qg6 43. Kg2 Qh5 44. h3 Qg6 45. Qe2 Qf5 46. g4 Qe6
47. Qe4 Qg6 48. Qe2 Qh6 49. Qf2 Qc6 50. Kg1 Rf8 51. Kg2 Re8 52. Qg3 Qe6 53. g5
Qf5 54. Qf4 Qxf4 55. Bxf4 Re2+ 56. Kg3 Rb2 57. Nd2 Kf7 58. h4 Rc2 59. Kf3 Kg6
60. Ke2 Kf5 61. Bb8 Ra2 62. Bg3 Kg4 63. Bf2 Kh5 64. Ke1 {
äàëåå çàïèñü íåðàçáîð~~èâà} 1-0

[Event "Ä17Ï"]
[Site "Loo"]
[Date "2017.04.24"]
[Round "5.2"]
[White "Ñàì÷åíêî, Ñåðàôèìà."]
[Black "Äàíèëîâà, Ðàäà."]
[Result "0-1"]
[WhiteElo "1734"]
[BlackElo "1828"]
[PlyCount "64"]
[EventDate "2017.04.20"]

1. d4 Nf6 2. Nc3 d5 3. Bg5 Nbd7 4. Qd2 e6 5. f3 Be7 6. O-O-O O-O 7. e3 c5 8. g4
Qa5 9. h4 b5 10. Bxb5 Rb8 11. Bf4 Rxb5 12. Nxb5 Qxb5 13. h5 Nb6 14. c3 Nc4 15.
Qc2 cxd4 16. exd4 Nd7 17. g5 Ndb6 18. Qb3 Qa5 19. Qc2 Qxa2 20. Qb1 Qa5 21. Ne2
Nxb2 22. Kd2 Nxd1 23. Kxd1 Ba6 24. Bd2 Nc4 25. g6 fxg6 26. hxg6 Nxd2 27. Kxd2
Bxe2 28. Kxe2 Qxc3 29. Rh3 Qxd4 30. Rxh7 Qe5+ 31. Kf2 Bc5+ 32. Kg2 Qe2+ 0-1

[Event "Ä17Ï"]
[Site "Loo"]
[Date "2017.04.24"]
[Round "5.3"]
[White "Ãîðåíêîâà, Àííà."]
[Black "Áó÷èíà, Ïîëèíà."]
[Result "1/2-1/2"]
[WhiteElo "1488"]
[BlackElo "1787"]
[PlyCount "147"]
[EventDate "2017.04.20"]

1. d4 Nf6 2. Nf3 d5 3. c3 e6 4. Bg5 Be7 5. Nbd2 Nbd7 6. e3 O-O 7. Bd3 c5 8. O-O
c4 9. Bc2 b5 10. e4 dxe4 11. Nxe4 Bb7 12. Nfd2 Nd5 13. Bxe7 Qxe7 14. Qh5 h6 15.
Rae1 f5 16. Ng3 Nf4 17. Nxf5 Qf6 18. Qh4 Bxg2 19. Ne7+ Kf7 20. Qxf6+ Nxf6 21.
Ng6 Bxf1 22. Nxf8 Bh3 23. Nh7 Nxh7 24. Bxh7 g6 25. Re4 Nh5 26. Nf3 Bf5 27. Ne5+
Kg7 28. Bxg6 Bxg6 29. Rg4 Kh7 30. Rxg6 Rg8 31. Rxg8 Kxg8 32. Kg2 Kg7 33. Kf3
Nf6 34. Nc6 Nd5 35. Nxa7 b4 36. Nb5 b3 37. a3 Nb6 38. Nd6 Kf6 39. Ke4 Ke7 40.
Nb5 Na4 41. d5 Nxb2 42. d6+ Kd7 43. Ke3 Na4 44. Kd2 Nc5 45. Nd4 Kxd6 46. f3 Nd3
47. Nxb3 e5 48. Na5 Kd5 49. Nb7 e4 50. fxe4+ Kxe4 51. Nd6+ Kd5 52. Nf5 h5 53.
Ng3 h4 54. Nf5 h3 55. Ne3+ Kc5 56. Ke2 Nc1+ 57. Kf3 Na2 58. Nd1 Kb5 59. Ke3 Nc1
60. Nf2 Ka4 61. Kd4 Kb3 62. a4 Ne2+ 63. Ke3 Nxc3 64. a5 Nb5 65. Nxh3 Ka4 66. a6
Ka5 67. a7 Nxa7 68. Nf4 Nc6 69. Nd5 Kb5 70. h4 Kc5 71. Ke4 Kd6 72. Ne3 c3 73.
Kd3 Ne5+ 74. Kxc3 1/2-1/2

[Event "Ä17Ï"]
[Site "Loo"]
[Date "2017.04.24"]
[Round "5.4"]
[White "Ñàáåòèàí, Ìîäæàâåðè Àëèíà."]
[Black "Êðàïèâèíà, Ãàëèíà."]
[Result "0-1"]
[WhiteElo "1563"]
[BlackElo "1744"]
[PlyCount "64"]
[EventDate "2017.04.20"]

1. d4 f5 2. c4 Nf6 3. g3 d6 4. Bg2 g6 5. Nc3 Bg7 6. d5 O-O 7. Nf3 a5 8. O-O Na6
9. Be3 b6 10. Nd4 Bd7 11. a3 Ng4 12. Bf4 Nc5 13. h3 Ne5 14. Bxe5 Bxe5 15. Rb1
f4 16. g4 Qe8 17. Ncb5 Bxb5 18. Nxb5 Qd8 19. Nd4 Bxd4 20. Qxd4 Nd7 21. Be4 Ne5
22. b4 axb4 23. axb4 Ra3 24. f3 Re3 25. Kf2 e6 26. Rh1 Qh4+ 27. Kf1 Ra8 28. Ra1
Rxa1+ 29. Qxa1 Nxc4 30. Qc1 Ra3 31. e3 Ra2 32. Bc2 Rxc2 0-1

[Event "Ä17Ï"]
[Site "Loo"]
[Date "2017.04.24"]
[Round "5.5"]
[White "Àëåêñàíäðîâà, Åëèçàâåòà."]
[Black "Ðåâà, Ëþáîâü."]
[Result "1/2-1/2"]
[WhiteElo "1620"]
[BlackElo "1604"]
[PlyCount "92"]
[EventDate "2017.04.20"]

1. e4 c5 2. Nf3 Nc6 3. d4 cxd4 4. Nxd4 Nf6 5. Nc3 e5 6. Ndb5 d6 7. Bg5 a6 8.
Na3 b5 9. Nd5 Be7 10. Bxf6 gxf6 11. g3 f5 12. exf5 Bxf5 13. Bg2 Rc8 14. c3 O-O
15. O-O Kh8 16. Nc2 Rg8 17. Nce3 Be6 18. Be4 Rg7 19. Qh5 Qg8 20. f4 exf4 21.
Nxf4 Rg5 22. Qe2 Ne5 23. Nfd5 Nc6 24. a4 Bh3 25. Rf4 Re5 26. Nxe7 Nxe7 27. Qf3
Ng6 28. Rf6 Rce8 29. Rxg6 fxg6 30. Qf6+ Qg7 31. Qxg7+ Kxg7 32. Bg2 Bxg2 33.
Nxg2 Re2 34. b4 Rc2 35. axb5 axb5 36. Ra7+ Kg8 37. Kf1 Ree2 38. Ne1 Rf2+ 39.
Kg1 Rcd2 40. Rb7 Rfe2 41. Kf1 Rxh2 42. Kg1 Rhe2 43. Kf1 Rf2+ 44. Kg1 Rfe2 45.
Kf1 Rf2+ 46. Kg1 Rfe2 1/2-1/2

[Event "Ä17Ï"]
[Site "Loo"]
[Date "2017.04.24"]
[Round "5.6"]
[White "Áåëÿêîâà, Èëîíà."]
[Black "Ïåòðîâà, Ìàðèÿ."]
[Result "0-1"]
[WhiteElo "1600"]
[BlackElo "1835"]
[PlyCount "124"]
[EventDate "2017.04.20"]

1. d4 f5 2. c4 e6 3. Nf3 Nf6 4. g3 c6 5. Bg2 d5 6. O-O Bd6 7. Nbd2 O-O 8. Qc2
Nbd7 9. Ne1 Ne4 10. Nd3 g5 11. f3 Nef6 12. e4 dxe4 13. fxe4 fxe4 14. Nxe4 Nxe4
15. Rxf8+ Bxf8 16. Bxe4 Nf6 17. Bg2 Qxd4+ 18. Qf2 Qxf2+ 19. Nxf2 h6 20. Be3 e5
21. Rd1 Ng4 22. Nxg4 Bxg4 23. Rd3 Rc8 24. Be4 Be6 25. b3 b6 26. Kg2 c5 27. h3
Kf7 28. g4 Be7 29. Kf3 Rh8 30. Bf5 h5 31. Ke4 hxg4 32. hxg4 Kf6 33. Bxg5+ Kxg5
34. Bxe6 Kf6 35. Bf5 Rd8 36. Rxd8 Bxd8 37. Kd5 Bc7 38. Kc6 Bd8 39. Kb7 Kg5 40.
Kc6 Kf4 41. Kd5 Bh4 42. a4 Be1 43. Be4 Bc3 44. Bf5 Bd4 45. a5 bxa5 46. Bg6 Kxg4
47. Ke4 Kg5 48. Be8 Kf6 49. Bd7 Ke7 50. Bb5 Kd6 51. Ba4 Kc7 52. Kd5 Kb6 53. Bb5
a4 54. Bxa4 Ka5 55. Bc6 Kb4 56. Ba4 Kc3 57. Ke4 a6 58. Kf3 Kd3 59. Bc6 a5 60.
Kg2 e4 61. Kf1 e3 62. Bf3 Kc2 0-1

[Event "Ä17Ï"]
[Site "Loo"]
[Date "2017.04.24"]
[Round "5.7"]
[White "Çàêàðÿí, Äèàíà."]
[Black "Áàäìàåâà, Áàèíà."]
[Result "0-1"]
[WhiteElo "1755"]
[BlackElo "1585"]
[PlyCount "66"]
[EventDate "2017.04.20"]

1. e4 c5 2. Nf3 d6 3. d4 cxd4 4. Nxd4 Nf6 5. Nc3 g6 6. Be2 Bg7 7. Be3 O-O 8.
Qd2 Nc6 9. f3 d5 10. Nxc6 bxc6 11. exd5 Nxd5 12. Nxd5 Qxd5 13. Qxd5 cxd5 14.
O-O-O Rd8 15. Bc5 Bf6 16. Rhe1 Rb8 17. c3 Rd7 18. Kc2 Rdb7 19. b4 Be6 20. a4 a5
21. b5 Rc8 22. Bd4 Bf5+ 23. Kb2 e5 24. Be3 d4 25. cxd4 Rc2+ 26. Ka1 Rbc7 27.
dxe5 R7c3 28. g4 Ra3+ 29. Kb1 Rb3+ 30. Ka1 Bxe5+ 31. Bd4 Bxd4+ 32. Rxd4 Ra3+
33. Kb1 Rxe2+ 0-1

[Event "Ä17Ï"]
[Site "Loo"]
[Date "2017.04.24"]
[Round "5.8"]
[White "Êóðêîâà, Ñîôüÿ."]
[Black "Ïðîòàñîâà, Àíàñòàñèÿ."]
[Result "0-1"]
[WhiteElo "1656"]
[BlackElo "1801"]
[PlyCount "68"]
[EventDate "2017.04.20"]

1. b4 e5 2. Bb2 Bxb4 3. Bxe5 Nf6 4. Nf3 d5 5. e3 Nbd7 6. Bb2 c6 7. Be2 Rb8 8.
O-O O-O 9. d4 b5 10. Nbd2 Bd6 11. Nb3 Nb6 12. Ne5 Qc7 13. Nd2 Na4 14. Qc1 c5
15. f4 c4 16. c3 b4 17. Bd1 Nxb2 18. Qxb2 bxc3 19. Qxc3 Bb4 20. Qc1 Ba6 21. Rf3
Bxd2 22. Qxd2 c3 23. Qc1 Ne4 24. Bb3 Nd2 25. Rh3 Bc8 26. Rh4 Nxb3 27. axb3 Bf5
28. Qd1 c2 29. Qh5 c1=Q+ 30. Rxc1 Qxc1+ 31. Kf2 Qc2+ 32. Kg3 Bg6 33. Qf3 Be4
34. Qf1 Rxb3 0-1

[Event "Ä17Ï"]
[Site "Loo"]
[Date "2017.04.24"]
[Round "5.9"]
[White "Ôîíÿê, Ìàðèíà."]
[Black "Îñòàøåâà, Àíàñòàñèÿ."]
[Result "1-0"]
[WhiteElo "1780"]
[BlackElo "1391"]
[PlyCount "67"]
[EventDate "2017.04.20"]

1. e4 c6 2. d4 d5 3. e5 Bf5 4. h4 h5 5. Bd3 Bxd3 6. Qxd3 e6 7. Bg5 Be7 8. Nh3
Qb6 9. Nd2 Nd7 10. O-O O-O-O 11. c4 c5 12. cxd5 exd5 13. Nf3 Kb8 14. Rfe1 Qc7
15. e6 Ndf6 16. Bf4 Bd6 17. Bxd6 Rxd6 18. exf7 Nh6 19. Nhg5 Nxf7 20. Nxf7 Qxf7
21. Ng5 Qd7 22. dxc5 Ra6 23. b4 Qg4 24. b5 Ra4 25. c6 Qxh4 26. c7+ Ka8 27. Qf5
Rc4 28. Rac1 a5 29. b6 Qg4 30. Qxg4 Nxg4 31. Rxc4 dxc4 32. f3 Nf6 33. Re5 Nd7
34. Rxa5# 1-0

[Event "Ä17Ï"]
[Site "Loo"]
[Date "2017.04.24"]
[Round "5.10"]
[White "Âàõðóøåâà, Âàëåðèÿ."]
[Black "Áåçâåðõàÿ, Ìàðèíà."]
[Result "0-1"]
[WhiteElo "1313"]
[BlackElo "1758"]
[PlyCount "64"]
[EventDate "2017.04.20"]

1. d4 d5 2. Bf4 c6 3. Nf3 Bf5 4. e3 e6 5. Bd3 Bg6 6. c3 Bxd3 7. Qxd3 Bd6 8. Bg3
Nf6 9. Nbd2 Bxg3 10. hxg3 Nbd7 11. O-O-O Qa5 12. Kb1 h6 13. Nb3 Qc7 14. Nfd2 e5
15. e4 O-O 16. Qe2 Nxe4 17. Nxe4 dxe4 18. dxe5 Nxe5 19. Qxe4 Rad8 20. Rde1 Ng6
21. Qg4 Rfe8 22. f4 Rxe1+ 23. Rxe1 Qd6 24. a3 Qd5 25. Ka2 a5 26. a4 Qc4 27. Ka3
b5 28. axb5 cxb5 29. Ka2 a4 30. Kb1 axb3 31. Qf5 Qd3+ 32. Qxd3 Rxd3 0-1

[Event "Ä17Ï"]
[Site "Loo"]
[Date "2017.04.24"]
[Round "5.11"]
[White "Çàõàðîâà, Äèàíà."]
[Black "Êàíàãèíà, Ïîëèíà."]
[Result "1-0"]
[WhiteElo "1720"]
[BlackElo "1597"]
[PlyCount "77"]
[EventDate "2017.04.20"]

1. e4 c5 2. Nc3 Nc6 3. g3 e6 4. Bg2 Nf6 5. d3 d5 6. f4 d4 7. Nce2 e5 8. h3 Bd6
9. f5 b5 10. Nf3 c4 11. g4 Ba6 12. Ng3 Nd7 13. Nh5 Bf8 14. Bg5 f6 15. Bc1 Nc5
16. g5 cxd3 17. cxd3 Qa5+ 18. Kf2 b4 19. Bf1 fxg5 20. Nxg5 Qb5 21. Ne6 Nxe6 22.
fxe6 O-O-O 23. Bg5 Be7 24. Bxe7 Nxe7 25. Rc1+ Kb7 26. Nxg7 Rdf8+ 27. Ke1 Rhg8
28. Nf5 Nxf5 29. exf5 Rxf5 30. Qc2 Qa5 31. Qc6+ Kb8 32. Bg2 b3+ 33. Kd1 Rxg2
34. Qxg2 Rf8 35. Qc6 Rg8 36. e7 Bb5 37. Qd6+ Ka8 38. Qd5+ Kb8 39. Qxg8+ 1-0

[Event "Ä17Ï"]
[Site "Loo"]
[Date "2017.04.24"]
[Round "5.12"]
[White "Åôèìîâà, Òóÿðà."]
[Black "Ìàðòûø, Äàðüÿ."]
[Result "0-1"]
[WhiteElo "1525"]
[BlackElo "1661"]
[PlyCount "74"]
[EventDate "2017.04.20"]

1. d4 Nf6 2. c4 g6 3. Nc3 Bg7 4. Nf3 d6 5. g3 O-O 6. Bg2 Nc6 7. O-O a6 8. Re1
h6 9. e4 Bg4 10. Be3 e5 11. d5 Ne7 12. Qd2 Kh7 13. Rad1 Qc8 14. c5 Ne8 15. Rc1
f5 16. Qd3 f4 17. gxf4 Bh3 18. Qf1 Bxg2 19. Qxg2 exf4 20. Bd4 Qd7 21. cxd6 cxd6
22. Re2 g5 23. Bxg7 Nxg7 24. Rec2 Ng6 25. Nd1 Rac8 26. b3 g4 27. Nd4 Nh4 28.
Qf1 Rxc2 29. Rxc2 Nf3+ 30. Nxf3 gxf3 31. h3 Rg8 32. Kh1 Qf7 33. h4 Ne8 34. Qh3
Qg7 35. Qh2 Nf6 36. Nc3 Ng4 37. Qg1 Qf6 0-1

[Event "Ä17Ï"]
[Site "Loo"]
[Date "2017.04.24"]
[Round "5.13"]
[White "Ñâèðèäîâà, Àíàñòàñèÿ."]
[Black "×àãèíà, Óëüÿíà."]
[Result "0-1"]
[WhiteElo "1278"]
[BlackElo "1433"]
[PlyCount "122"]
[EventDate "2017.04.20"]

1. d4 Nf6 2. c4 e6 3. Nf3 b6 4. Bf4 Bb7 5. e3 d6 6. Nc3 Be7 7. Be2 Nbd7 8. h3
O-O 9. O-O Ne4 10. Qc2 f5 11. Rad1 Ndf6 12. Ng5 Nxg5 13. Bxg5 Ne4 14. Bf4 Kh8
15. Bf3 Nxc3 16. Bxb7 Nxd1 17. Bxa8 Nxe3 18. fxe3 Qxa8 19. b4 c5 20. b5 cxd4
21. exd4 Qe4 22. Qd2 Bf6 23. Be3 Rc8 24. Rf4 Qb7 25. Qe2 Qd7 26. Qd3 g6 27. Rf1
Bg7 28. Bf4 Qc7 29. Rc1 e5 30. Be3 exd4 31. Bxd4 Bxd4+ 32. Qxd4+ Kg8 33. Qd5+
Kf8 34. Kh1 Qc5 35. Qe6 Re8 36. Qf6+ Kg8 37. Qb2 Kf7 38. Qc2 Re4 39. Qd3 Qd4
40. Qb3 Qc5 41. Qd3 Qe3 42. Qd1 Rd4 43. Qf1 Qd3 44. Qxd3 Rxd3 45. Kg1 Ke6 46.
Re1+ Kf6 47. Rc1 Ke5 48. Kf1 Kd4 49. Ke2 Rc3 50. Rd1+ Ke5 51. Rd5+ Ke6 52. Rd2
Rxc4 53. Rb2 d5 54. Kd3 Kd6 55. Rb3 Rf4 56. Rb2 Kc5 57. Kc3 Rc4+ 58. Kd3 Rb4
59. Rd2 Rd4+ 60. Kc3 Rxd2 61. Kxd2 Kxb5 0-1

[Event "Ä17Ï"]
[Site "Loo"]
[Date "2017.04.24"]
[Round "5.14"]
[White "Ìàëîçåìîâà, Äàðüÿ."]
[Black "Ïîëÿíñêàÿ, Åëèçàâåòà."]
[Result "1-0"]
[WhiteElo "1687"]
[BlackElo "1611"]
[PlyCount "99"]
[EventDate "2017.04.20"]

1. d4 d5 2. Bf4 c5 3. e3 Nc6 4. c3 Bf5 5. Nf3 e6 6. Nbd2 Nf6 7. Qb3 Qb6 8. Bb5
c4 9. Qa4 a6 10. Bxc6+ Qxc6 11. Qd1 Qb6 12. Qc1 Bd6 13. Ne5 Qc7 14. Ndf3 b5 15.
a3 Ne4 16. g4 Bg6 17. h3 f6 18. Nxg6 hxg6 19. Bxd6 Qxd6 20. Nd2 f5 21. gxf5
gxf5 22. Nf3 g5 23. Ke2 Ra7 24. Qg1 Rg7 25. Ne5 a5 26. f3 Nf6 27. Qg2 Nd7 28.
f4 Nxe5 29. dxe5 Qe7 30. Rag1 Rhg8 31. Qf2 gxf4 32. exf4 Rxg1 33. Rxg1 Rxg1 34.
Qxg1 Qh7 35. Qg3 Qh5+ 36. Kd2 Qh7 37. h4 b4 38. axb4 axb4 39. Qg5 bxc3+ 40.
bxc3 Qe7 41. Qg8+ Kd7 42. h5 Qa3 43. Qf7+ Kd8 44. Qb7 Qe7 45. Qb8+ Kd7 46. Qd6+
Ke8 47. h6 Qf7 48. Qb8+ Ke7 49. h7 Qh5 50. h8=Q 1-0

[Event "Ä17Ï"]
[Site "Loo"]
[Date "2017.04.24"]
[Round "5.15"]
[White "Àâåðèíà, Âåðà."]
[Black "Øìèäò, Êñåíèÿ."]
[Result "1/2-1/2"]
[WhiteElo "1729"]
[BlackElo "1490"]
[PlyCount "112"]
[EventDate "2017.04.20"]

1. d4 d5 2. Nf3 Nf6 3. e3 e6 4. c4 Be7 5. Be2 O-O 6. O-O b6 7. b3 c5 8. Bb2 Bb7
9. Ne5 Nbd7 10. Bf3 Ne4 11. Nxd7 Qxd7 12. dxc5 Nxc5 13. cxd5 Bxd5 14. Bxd5 Qxd5
15. Qxd5 exd5 16. Rd1 Rfd8 17. Na3 Rd7 18. Nb5 Ne6 19. Rd2 Rad8 20. Rad1 Bc5
21. Kf1 Kf8 22. a3 Ke8 23. b4 Be7 24. Ke2 f6 25. g4 h6 26. f4 a6 27. Nd4 Nxd4+
28. Bxd4 Rd6 29. Rc2 R8d7 30. Rdc1 a5 31. bxa5 bxa5 32. a4 Bd8 33. Rc8 Kf7 34.
Rb8 Re6 35. f5 Re4 36. Rcc8 Be7 37. h3 Bb4 38. Kd3 Ba3 39. Rb5 Bb4 40. Bb6 Rb7
41. Rc6 Be1 42. Ke2 Bb4 43. Rxd5 h5 44. gxh5 Rh4 45. Bxa5 Bxa5 46. Rxa5 Rxh5
47. Kd3 Rxh3 48. Kd4 Rd7+ 49. Rd5 Ra7 50. a5 Rh4+ 51. e4 Rh1 52. a6 Rd1+ 53.
Kc5 Rc1+ 54. Kb6 Rxa6+ 55. Kxa6 Rxc6+ 56. Kb5 Rc7 1/2-1/2

[Event "Ä17Ï"]
[Site "Loo"]
[Date "2017.04.24"]
[Round "5.16"]
[White "Ñîëîâüåâà, Ìàðèÿ."]
[Black "Óðâà÷¸âà, Àðèíà."]
[Result "0-1"]
[WhiteElo "1477"]
[BlackElo "1706"]
[PlyCount "58"]
[EventDate "2017.04.20"]

1. d4 Nf6 2. Bf4 e6 3. Nf3 d5 4. e3 c5 5. c3 Bd6 6. Bg3 O-O 7. Bd3 b6 8. Nbd2
Bb7 9. Qb1 Nc6 10. Bh4 h6 11. e4 Be7 12. Bxf6 Bxf6 13. e5 Be7 14. g4 cxd4 15.
cxd4 Bb4 16. Qd1 f6 17. Qc2 fxe5 18. Nxe5 Bxd2+ 19. Qxd2 Nxe5 20. dxe5 Qc7 21.
Qe2 d4 22. Be4 Rad8 23. Rd1 d3 24. Qe3 d2+ 25. Rxd2 Qc1+ 26. Ke2 Rxd2+ 27. Qxd2
Rxf2+ 28. Kxf2 Qxd2+ 29. Kg3 Qe3+ 0-1

[Event "Ä17Ï"]
[Site "Loo"]
[Date "2017.04.24"]
[Round "5.18"]
[White "Êàíåâñêàÿ, Àíàñòàñèÿ."]
[Black "Áàðñêîâà, Ïîëèíà."]
[Result "0-1"]
[WhiteElo "1353"]
[BlackElo "1761"]
[PlyCount "86"]
[EventDate "2017.04.20"]

1. e4 e5 2. Nf3 Nc6 3. d4 exd4 4. Nxd4 d6 5. c3 Nf6 6. f3 Be7 7. Bc4 O-O 8. O-O
h6 9. Be3 Re8 10. Re1 Bf8 11. Nd2 d5 12. Bd3 Ne5 13. Bc2 c5 14. N4b3 b6 15. Bf2
dxe4 16. Nxe4 Bb7 17. Qxd8 Raxd8 18. Nxf6+ gxf6 19. Be4 Bxe4 20. Rxe4 Nd3 21.
Rb1 Rxe4 22. fxe4 Nxb2 23. Bh4 Rd1+ 24. Rxd1 Nxd1 25. Bxf6 Bg7 26. Bxg7 Kxg7
27. c4 Nc3 28. Nd2 Nxa2 29. Kf2 Nc3 30. Ke3 a6 31. Nb3 Na4 32. Kd3 b5 33. Na5
Nb2+ 34. Kc3 Nxc4 35. Nxc4 bxc4 36. Kxc4 Kf6 37. Kxc5 Ke5 38. Kb6 Kxe4 39. Kxa6
Ke3 40. Kb5 Kf2 41. g4 Kg2 42. h4 Kg3 43. g5 h5 0-1

[Event "Ä17Â"]
[Site "Loo"]
[Date "2017.04.24"]
[Round "5.1"]
[White "Ãîëüöåâà, Åêàòåðèíà."]
[Black "Íîñà÷åâà, Ìàðèÿ."]
[Result "1-0"]
[WhiteElo "2211"]
[BlackElo "2063"]
[PlyCount "123"]
[EventDate "2017.04.20"]

1. d4 Nf6 2. c4 g6 3. Nc3 Bg7 4. e4 d6 5. Be2 O-O 6. Bg5 c5 7. dxc5 Qa5 8. Bd2
Qxc5 9. Nf3 Be6 10. Be3 Qa5 11. Nd2 Nc6 12. O-O Rfc8 13. f4 Nd7 14. Nb3 Qa6 15.
c5 Bc4 16. Bxc4 Qxc4 17. cxd6 Bxc3 18. bxc3 Qxe4 19. Re1 exd6 20. Qxd6 Qf5 21.
Rad1 Nf8 22. Nd4 Nxd4 23. Bxd4 Ne6 24. Be5 Re8 25. Qb4 b6 26. h3 h5 27. Bd6 Kg7
28. Re5 Qc2 29. Rde1 a5 30. Qc4 Rac8 31. Qf1 Qxc3 32. R5e3 Qc2 33. f5 Qxf5 34.
Rf3 Qd5 35. Rxf7+ Kg8 36. Rf6 Qd4+ 37. Kh1 Ng7 38. Rxg6 Qc3 39. Rxe8+ Rxe8 40.
Qb5 Qe1+ 41. Kh2 Re6 42. Bg3 Qe2 43. Qd5 Kh7 44. Rg5 Qe4 45. Qd7 Re7 46. Qd6
Qe6 47. Qd4 Rd7 48. Qc3 Qxa2 49. Be5 Qe2 50. Bxg7 Qe8 51. Qf6 Qb8+ 52. Rg3
Qxg3+ 53. Kxg3 Rxg7+ 54. Kf3 Rg6 55. Qf5 Kh6 56. g4 hxg4+ 57. hxg4 a4 58. Qf4+
Kg7 59. Qxa4 Rf6+ 60. Kg3 Kg6 61. Qe4+ Kf7 62. g5 1-0

[Event "Ä17Â"]
[Site "Loo"]
[Date "2017.04.24"]
[Round "5.2"]
[White "Êî÷óêîâà, Àííà."]
[Black "Ïåòðî÷åíêî, Ìàðèÿ."]
[Result "1/2-1/2"]
[WhiteElo "2035"]
[BlackElo "2141"]
[PlyCount "95"]
[EventDate "2017.04.20"]

1. e4 e6 2. c4 d5 3. exd5 exd5 4. cxd5 Nf6 5. Nc3 Nxd5 6. Nf3 Nc6 7. d4 Bb4 8.
Bd2 O-O 9. Be2 Ba5 10. O-O Bb6 11. Bg5 f6 12. Be3 Be6 13. Qd2 Qd7 14. Rad1 Rad8
15. a3 Qf7 16. b4 Nxc3 17. Qxc3 Ne7 18. Qb2 Bd5 19. Rd2 Rfe8 20. Qb1 g6 21. Ne1
Nf5 22. Nc2 Nd6 23. Qa1 c6 24. Bd3 Bc4 25. Bxc4 Nxc4 26. Rd3 Bc7 27. Rfd1 Nb6
28. Bc1 Nd5 29. Ne3 Nxe3 30. Bxe3 Rd5 31. Qc1 Qe6 32. Qd2 Rh5 33. g3 Qh3 34. f4
Qg4 35. Re1 g5 36. Qf2 gxf4 37. Bxf4 Rxe1+ 38. Qxe1 Bxf4 39. Qe8+ Kg7 40. Qe7+
Kg6 41. Qe8+ Kh6 42. Qf8+ Qg7 43. Qxg7+ Kxg7 44. gxf4 Rf5 45. Rf3 Rd5 46. Rd3
b6 47. Kf2 Kg6 48. Rg3+ 1/2-1/2